000 00229nam a2200097Ia 4500
008 190216s9999||||xx |||||||||||||| ||und||
100 _aShashidaran K P
245 0 _aUdikkathe Asthamikkunnu
260 _bCurrent Books
942 _cBK
999 _c30388
_d30388